000 00554nam a2200181Ia 4500
008 100917s9999 xx 000 0 und d
082 _b40451
100 _aटिळक लक्ष्मीबाई
245 _aस्मृचित्रे भा 1
260 _bनागरिक प्रकाशन
_c1962
300 _a190
365 _b3.5
520 _aचरित्र
630 _aस्मृचित्रे भा 1
650 _aचरित्र
730 _aस्मृचित्रे भा 1
942 _cBOOK
999 _c645845
_d645842